|
|
|
|
| LEADER |
00000nam a2200000Ii 4500 |
| 001 |
DIGBRUJ373 |
| 003 |
NyNyDIG |
| 006 |
m o d |
| 007 |
cr ||||||||||| |
| 008 |
220711s2021 ag a o 000 0 spa d |
| 035 |
|
|
|a (OCoLC)1349278343
|
| 040 |
|
|
|a DGITA
|b eng
|e rda
|e pn
|c DGITA
|
| 020 |
|
|
|a 9789877603842
|q pdf
|
| 020 |
|
|
|z 9789877603569
|
| 050 |
1 |
4 |
|a LB1140.2 ebook
|
| 082 |
0 |
4 |
|a 372.21
|
| 100 |
1 |
|
|a Sáez Moreno, Ma. Carmen,
|e author.
|
| 245 |
1 |
0 |
|a Si me involucras, aprendo :
|b aprendizaje basado en proyectos en educación infantil /
|c Ma. Carmen Sáez Moreno ; prólogo de Coral Elizondo.
|
| 246 |
3 |
0 |
|a Aprendizaje basado en proyectos en educación infantil
|
| 264 |
|
1 |
|a Córdoba, Argentina :
|b Editorial Brujas,
|c [2021]
|
| 300 |
|
|
|a 1 online resource.
|
| 336 |
|
|
|a text
|b txt
|2 rdacontent
|
| 337 |
|
|
|a computer
|b c
|2 rdamedia
|
| 338 |
|
|
|a online resource
|b cr
|2 rdacarrier
|
| 347 |
|
|
|a text file
|2 rdaft
|
| 347 |
|
|
|b PDF
|
| 500 |
|
|
|a "Amei-Waece; Asociación Mundial de Educadores Infantiles"--Cover.
|
| 588 |
0 |
|
|a Online resource; title from PDF title page (Digitalia, viewed July 11, 2022)
|
| 650 |
|
0 |
|a Education, Preschool.
|
| 650 |
|
0 |
|a Education, Primary.
|
| 655 |
|
0 |
|a Electronic books.
|
| 700 |
1 |
|
|a Elizondo, Coral,
|e contributor agent of text.
|
| 791 |
2 |
|
|a Digitalia (Firm),
|e distributor.
|
| 793 |
0 |
|
|g Digitalia eBook Collection:
|a Editorial Brujas
|
| 776 |
0 |
8 |
|i Print version:
|a Sáez Moreno, Ma. Carmen.
|t Si me involucras, aprendo.
|d Córdoba, Argentina : Editorial Brujas, [2021]
|z 9789877603569
|
| 856 |
4 |
0 |
|3 Digitalia Hispánica
|u https://www.digitaliapublishing.com/a/112264/
|
| 910 |
|
|
|a Premium collection: 2022
|